000 00720nam a2200217 i 4500
001 bg
100 1 _aBIELSKI, Piotr
_d(1963- )
245 1 0 _aKodeks spółek handlowych a Kodeks handlowy :
_bzestawienie porównawcze, bibliografia, orzecznictwo /
_cPiotr Bielski.
260 _aGdańsk :
_bOśrodek Doradztwa i Doskonalenia Kadr,
_c2001.
300 _a495, [1] s. ;
_c25 cm.
504 _aBibliogr. przy rozdz.
650 9 _aPrawo handlowe
_zPolska
_ystan na 2001 r.
650 9 _aSpółki handlowe
_xprawo
_zPolska
_ystan na 2001 r.
020 _a8371874669
040 _cBPK
041 0 _apl
080 _a347.7(438)(094.4)
920 _a83-71874-66-9
942 _cKS
008 s pl f |000 0 pol
999 _c39940
_d39940
856 _uhttp://koha.tu.koszalin.pl/cgi-bin/koha/opac-detail.pl?biblionumber=39940
_yKatalog online BPK